00937 a2200193 4500003000500000005001700005010001600022020001500038040000900053082001700062100002200079245006300101250001200164260003700176300003500213440005000248505041100298650003400709Nust20221123144023.0 a 91024595 a0070118116 cNust00a621.3813,COL1 aCollin, Robert E.10aFoundations for microwave engineering /cRobert E. Collin. a2nd ed. aNew York :bMcGraw-Hill,cc1992. axvii, 924 p. :bill. ;c25 cm. 0aMcGraw-Hill series in electrical engineering. aIntroduction (Page-1), Electromagnetic Theory (Page-17), Transmission Lines and Waveguides (Page-71), Circuits Theory and Waveguide (Page-220), Impedance Transformation and Matching (Page-303), Passive Microwave Devices (Page-394), Periodic Structures and Filters (Page-550), Microwave Tubes (Page-648), Solid State Amplifiers (Page-713), Parametric Amplifiers (Page-799), Oscillators and Mixes (Page-831). 0aTelecommunication Engineering